• 首页
  • 本馆介绍
  • 公告通知
  • 最新文献
  • 馆藏检索
  • 电子资源
  • 读者荐购
  • 参考咨询
  • CALIS
  • 我的图书馆
  • 登录
  • 详细信息显示
  • 放入我的书架
  • 预约/预借图书
  • 作者相关作品
  • 分类相关作品
  • 丛书相关作品
  • 出版社相关作品

书目信息

  • 表格格式
  • 工作单格式
  • 卡片格式
题名:
中国城镇污水处理与再生利用发展报告
    
 
作者: 胡洪营 主编
分册:  
出版信息: 北京   中国建筑工业出版社  2021.12
页数: 254页
开本: 26cm
丛书名:
单 册:
中图分类: X703
科图分类:
主题词: 城市污水处理--cheng shi wu shui chu li--研究报告--中国--1978-2020 , 城市污水--cheng shi wu shui--废水综合利用--研究报告--中国--1978-2020
电子资源:
ISBN: 978-7-112-26943-3
 
 
 
 
 
000 01541nam0 2200253 450
001 29967
005 20221116175807.74
010    @a978-7-112-26943-3@dCNY88.00
100    @a20220114d2021 em y0chiy50 ea
101 0  @achi
102    @aCN@b110000
105    @aak a 000yy
200 1  @a中国城镇污水处理与再生利用发展报告@Azhong guo cheng zhen wu shui chu li yu zai sheng li yong fa zhan bao gao@e1978-2020@d= Development report on municipal wastewater treatment and reuse in China@e1978-2020@f胡洪营主编@zeng
210    @a北京@c中国建筑工业出版社@d2021.12
215    @a254页@c图@d26cm
320    @a有书目 (第248-254页)
330    @a本书按照“梳理历史, 展示变化 ; 理清现状, 展现全貌 ; 横向对比, 体现特点 ; 识别问题, 展望未来”的基本思路, 利用翔实的数据和丰富的资料, 梳理了自1978年以来全国各省 (区、市) 和36个重点城市城镇污水处理与再生利用的发展状况, 包括水资源与用水供水、城镇污水处理厂建设、污水处理厂进出水水质、污水处理能耗药耗和污泥产生、再生水利用标准与水质要求和安全保障、再生水利用现状与发展潜力、再生水利用政策与管理、再生水利用产业发展等。书中还介绍了污水再生利用领域的研究进展、前沿领域和国外发展现状, 提出了未来发展的建议。
510 1  @aDevelopment report on municipal wastewater treatment and reuse in China@e1978-2020@zeng
606 0  @a城市污水处理@Acheng shi wu shui chu li@x研究报告@y中国@z1978-2020
606 0  @a城市污水@Acheng shi wu shui@x废水综合利用@x研究报告@y中国@z1978-2020
690    @aX703@v5
701  0 @a胡洪营@Ahu hong ying@4主编
801  0 @aCN@c20220910
905    @a河南城建学院图书馆@dX703@eH470@f1
    
    中国城镇污水处理与再生利用发展报告:1978-2020= Development report on municipal wastewater treatment and reuse in China:1978-2020/胡洪营主编.-北京:中国建筑工业出版社,2021.12
    254页:图;26cm
    
    
    ISBN 978-7-112-26943-3:CNY88.00
    本书按照“梳理历史, 展示变化 ; 理清现状, 展现全貌 ; 横向对比, 体现特点 ; 识别问题, 展望未来”的基本思路, 利用翔实的数据和丰富的资料, 梳理了自1978年以来全国各省 (区、市) 和36个重点城市城镇污水处理与再生利用的发展状况, 包括水资源与用水供水、城镇污水处理厂建设、污水处理厂进出水水质、污水处理能耗药耗和污泥产生、再生水利用标准与水质要求和安全保障、再生水利用现状与发展潜力、再生水利用政策与管理、再生水利用产业发展等。书中还介绍了污水再生利用领域的研究进展、前沿领域和国外发展现状, 提出了未来发展的建议。
●
相关链接 在E读中查询图书 在当当中查询图书 在豆瓣中查询图书


正题名:中国城镇污水处理与再生利用发展报告     索取号:X703/H470         预约/预借

序号 登录号 条形码 馆藏地/架位号 状态 备注
1 1584092   215840927   自科库501/501自科库 104排1列4层/ [索取号:X703/H470] 在馆    
河南城建学院图书馆 欢迎您!
大连网信软件有限公司© 版权所有